000 00676nam a22002174a 4500
001 BIBLIOTECA MUNICIPAL DE BARRANCO
007 ta
008 t pe gr 00| 0 spa d
017 _a2018-18778
020 _a978-612-00-3928-1
040 _aBIBLIOTECA MUNICIPAL DE BARRANCO
041 _aspa
043 _cpe
082 _2343
_bB38A 2018.
100 _aBenza Pflucker; Manuel Germán
245 _a25 años de neoliberalismo en el Perú :
_bAnálisis de la constitución Política de 1993;
_cManuel Germán; Benza Pflucker ,
250 _a1a ed.
260 _aLima :
_b(s.n.);
_c2018.
300 _a148 p.
_c20 cm.
942 _cBK
_e2026-05-05
_zAAOH
999 _c11098
_d11098